00576 2200193 4500001002100000005001500021035002000036007000300056008003900059082001600098084002300114100001800137245010000155260004100255300004100296650001100337600002100348022001300369INLIS00000000000117320250206082215 a0010-0225000011ta250206 | | |  a632.3-633.1 a632.3-633.1 XIA v0 aXiangpeng Fan1 aVGNet: A Lightweight Intelligent Learning Method for Corn Diseases Recognition /cXiangpeng Fan aSwitzerland, Basel :bMDPI AG,c2023 a1-20 hlm, :bIlus ;c21 cm x 29,7 cm 4aJurnal 4aPenyakit Jagung a20770472